000 03560cam a22012854i 4500
003 PE-LiUPU
005 20250813185319.0
008 151117s2015 sp rb 000 0 spa d
020 _a8497276124
020 _a9788497276122
035 _a(Sirsi) i9788497276122
040 _aPE-LiUPU
_bspa
_cPE-LiUPU
_erda
049 _aPRUA
082 0 4 _a362.76
_bT33
100 1 _aTejedor Huerta, Asunción,
_eautor.
245 1 3 _aEl síndrome de alienación parental :
_buna forma de maltrato /
_cAsunción Tejedor Huerta.
250 _aSegunda edición.
264 1 _aMadrid :
_bEOS,
_c2015.
300 _a186 páginas ;
_c24 centímetros
336 _atext
_2rdacontent
337 _aunmediated
_2rdamedia
338 _avolume
_2rdacarrier
490 0 _aEOS psicología jurídica
504 _aBibliografía: páginas 179-186.
505 0 _aDefinición e historia -- Divorcios altamente conflictivos y SAP -- Los tres niveles del SAP -- Síntomas -- Efectos -- Estrategias de intervención -- Seguidores y desastres del SAP -- Reconomiciento del SAP -- Casos -- Conclusiones.
526 _aP202
526 _aP201
526 _aP163
526 _aP162
526 _aP161
526 _aP160
526 _aP148
526 _aP147
526 _aP146
526 _aP145
526 _aP144
526 _aP143
526 _aP142
526 _aP141
526 _aP140
526 _aP139
526 _aP138
526 _aP137
526 _aP136
526 _aP135
526 _aP134
526 _aP133
526 _aP129
526 _aP128
526 _aP127
526 _aP120
526 _aP119
526 _aP118
526 _aP116
526 _aP115
526 _aP114
526 _aP110
526 _aP109
526 _aP108
526 _aP104
526 _aP103
526 _aP102
526 _aP99
526 _aP98
526 _aP97
526 _aP96
526 _aP95
526 _aP93
526 _aP90
526 _aP89
526 _aP88
526 _aP83
526 _aP82
526 _aP62
526 _aP59
526 _aP58
526 _aP57
526 _aP51
526 _aP49
526 _aP48
526 _aP47
526 _aP29
526 _aP24
526 _aP20
526 _aP19
526 _aP17
526 _aP15
526 _aP14
526 _aP12
526 _aP10
526 _aP09
526 _aP08
526 _aP07
526 _aP06
526 _aP05
526 _aP04
526 _aP01
541 _g001-001615;
541 _gF025-56;
650 0 4 _aNiños
_xProtección, asistencia, etc.
650 0 4 _aSíndrome de alienación parental.
910 _acce
_bjck
_ccce
_d20151117
910 _adbm
_bjpc
_cjpc
_d20190403
942 _2ddc
_cBOOK
949 _a362.76 T33
_wDEWEY
_c1
_i72038
_lCCODEBUL1
_mBUL
_p42.00
_r0
_sY
_tBOOK
_u2015-11-17
_xEDUCACION
_PP33
_0COMPRA
_o.STAFF. Colección General
994 _aC0
_bPEPRU
596 _a1
999 _a362.76 T33
_wDEWEY
_c7891
_i72038
_d7891
_e2017-1-24
_f2021-11-8
_g4
_lCCODEBUL1
_mBUL
_n1
_p42.00
_q1
_r0
_sY
_tBOOK
_u2015-11-17
_xEDUCACION
_zP33
_0COMPRA
_o.STAFF. Colección General
999 _a362.76 T33
_wDEWEY
_c2
_i80211
_f2021-11-3
_g3
_lCCODEBUL1
_mBUL
_p25.00
_r0
_sY
_tBOOK
_u2019-4-3
_xSALUD
_zP83
_0COMPRA
_1FCOMPR2
_o.STAFF. Colección Ciencias de la Salud
980 _81
_gALBERTO SANCHEZ Responsable de Automatización